000 00275nam a22001217a 4500
008 170502b xxu||||| |||| 00| 0 eng d
041 _aeng
080 _221 ED
_a341
100 _a13
101 _aSHJ
245 _aTHE UN SECURITY COUNNCIL
_cMALONE.D.M
942 _2udc
_cBK
999 _c12354
_d12354